<?xml version="1.0" encoding="UTF-8"?>
<record
    xmlns:xsi="http://www.w3.org/2001/XMLSchema-instance"
    xsi:schemaLocation="http://www.loc.gov/MARC21/slim http://www.loc.gov/standards/marcxml/schema/MARC21slim.xsd"
    xmlns="http://www.loc.gov/MARC21/slim">

  <leader>01613nam a2200181 a 4500</leader>
  <controlfield tag="001">000027782</controlfield>
  <controlfield tag="005">20200930031107.0</controlfield>
  <controlfield tag="008">110404s1993    dr            000 0 spa d</controlfield>
  <datafield tag="040" ind1=" " ind2=" ">
    <subfield code="a">DO-SdBNP</subfield>
    <subfield code="b">spa</subfield>
    <subfield code="c">BNPHU</subfield>
  </datafield>
  <datafield tag="082" ind1=" " ind2=" ">
    <subfield code="a">xxxx</subfield>
    <subfield code="b">S612</subfield>
  </datafield>
  <datafield tag="111" ind1="2" ind2=" ">
    <subfield code="a">Simposium Nacional de &#xC9;tica M&#xE9;dica</subfield>
    <subfield code="n">(1o :</subfield>
    <subfield code="d">1993, oct. :</subfield>
    <subfield code="c">Santo Domingo)</subfield>
    <subfield code="9">54855</subfield>
  </datafield>
  <datafield tag="245" ind1="1" ind2="0">
    <subfield code="a">Primer Simposium Nacional de &#xC9;tica M&#xE9;dica :</subfield>
    <subfield code="b">memorias. /</subfield>
    <subfield code="c">editor Pablo Pascual.</subfield>
  </datafield>
  <datafield tag="260" ind1=" " ind2=" ">
    <subfield code="a">Santo Domingo :</subfield>
    <subfield code="b">Asociaci&#xF3;n M&#xE9;dica Dominicana,</subfield>
    <subfield code="c">1993.</subfield>
  </datafield>
  <datafield tag="300" ind1=" " ind2=" ">
    <subfield code="a">121 p. ;</subfield>
    <subfield code="c">27 cm.</subfield>
  </datafield>
  <datafield tag="505" ind1="0" ind2=" ">
    <subfield code="t">Algunos elementos en torno a la &#xE9;tica /</subfield>
    <subfield code="r">Marcos Villam&#xE1;n P. --</subfield>
    <subfield code="t">La &#xE9;tica m&#xE9;dica en la historia de la humanidad /</subfield>
    <subfield code="r">Santiago Castro Ventrua --</subfield>
    <subfield code="t">&#xC9;tica m&#xE9;dica cultura y sociedad /</subfield>
    <subfield code="r">Miguel Suazo --</subfield>
    <subfield code="t">Mesa redonda &#xE9;tica, cultura y sociedad-ponencia &#xE9;tica y salud mental /</subfield>
    <subfield code="r">S&#xE1;nchez Mart&#xED;nez --</subfield>
    <subfield code="t">Mala pr&#xE1;ctica en el ejercicio m&#xE9;dico (Primum no nocere) /</subfield>
    <subfield code="r">Norma de Castro /</subfield>
    <subfield code="t">El secreto m&#xE9;dico /</subfield>
    <subfield code="r">Andr&#xE9;s Peralta C. --</subfield>
    <subfield code="t">Algunos incidentes cr&#xED;ticos en la &#xE9;tica m&#xE9;dica /</subfield>
    <subfield code="r">C&#xE9;sar Mella --</subfield>
    <subfield code="t">&#xC9;tica m&#xE9;dica en la legislaci&#xF3;n dominicana /</subfield>
    <subfield code="r">Ram&#xF3;n Mart&#xED;nez Portorreal --</subfield>
    <subfield code="t">La problem&#xE1;tica de la ense&#xF1;anza en nuestra universidad /</subfield>
    <subfield code="r">Josefina Padilla --</subfield>
    <subfield code="t">La familia del m&#xE9;dico /</subfield>
    <subfield code="r">Alfonso Llano Escobar --</subfield>
    <subfield code="t">Relaci&#xF3;n m&#xE9;dico paciente /</subfield>
    <subfield code="r">Bruno Calder&#xF3;n Troncoso --</subfield>
    <subfield code="t">Primun non nocere /</subfield>
    <subfield code="r">Disquisiciones en torno al actual c&#xF3;digo de &#xE9;tica. --</subfield>
    <subfield code="t">En torno al vigente c&#xF3;digo de &#xE9;tica m&#xE9;dica de la Asociaci&#xF3;n M&#xE9;dica Dominicana /</subfield>
    <subfield code="r">C&#xE9;sar Pina Toribio --</subfield>
    <subfield code="t">Sobre honorarios m&#xE9;dicos /</subfield>
    <subfield code="r">Segundo Imbert Brugal.</subfield>
  </datafield>
  <datafield tag="700" ind1="1" ind2=" ">
    <subfield code="a">Pascual, Pablo B&#xE1;ez</subfield>
    <subfield code="e">ed.</subfield>
    <subfield code="9">54856</subfield>
  </datafield>
  <datafield tag="049" ind1=" " ind2=" ">
    <subfield code="a">BNPD</subfield>
  </datafield>
  <datafield tag="952" ind1=" " ind2=" ">
    <subfield code="0">0</subfield>
    <subfield code="1">0</subfield>
    <subfield code="7">1</subfield>
    <subfield code="8">PD</subfield>
    <subfield code="a">PD</subfield>
    <subfield code="b">PD</subfield>
    <subfield code="c">CT</subfield>
    <subfield code="d">2011-04-04</subfield>
    <subfield code="i">LF1</subfield>
    <subfield code="l">0</subfield>
    <subfield code="o">xxxx S612</subfield>
    <subfield code="p">27782-10</subfield>
    <subfield code="r">2020-06-25</subfield>
    <subfield code="w">2020-06-25</subfield>
    <subfield code="y">LFPD</subfield>
    <subfield code="Z">No se presta</subfield>
  </datafield>
  <datafield tag="999" ind1=" " ind2=" ">
    <subfield code="c">27274</subfield>
    <subfield code="d">27274</subfield>
  </datafield>
</record>
